| 000 | 01152cam a2200277 4500 | ||
|---|---|---|---|
| 001 | ABS63104 | ||
| 008 | 000000n2000 000 0 eng u | ||
| 035 | _a(Sirsi) u109632 | ||
| 100 | _aMosey, D | ||
| 245 | _aEgan's new standard | ||
| 260 | _c2000 | ||
| 490 |
_aProperty Week _v65(45) 17 November 2000, 116(1) |
||
| 520 | _aLooks at PPC 2000, the first standard form of project partnering contract to integrate design, cost and risk to create a new procurement process. Examines how PPC 2000 departs from other construction contracts, and outlines its unique features which include a multi-task approach, taking on board recommendations from "Rethinking Construction", and agreeing a thorough system for risk management. | ||
| 590 | _aABS | ||
| 650 | _aASSOCIATION OF CONSULTANT ARCHITECTS | ||
| 650 | _aPROJECT PARTNERING CONTRACT | ||
| 650 | _aCOST CONTROL | ||
| 650 | _aRISK MANAGEMENT | ||
| 650 | _aBUILT ENVIRONMENT-BUILDING CONTRACT FORMS | ||
| 650 | _aEGAN REFORMS | ||
| 650 | _aPPC 2000 | ||
| 690 | _aBUILT ENVIRONMENT-BUILDING CONTRACT FORMS | ||
| 700 | _aPedder, C | ||
| 710 |
_aTrowers & Hamlins _93975 |
||
| 942 | _n0 | ||
| 999 |
_c65451 _d65451 |
||